| 000 | 01252nam a2200325 a 4500 | ||
|---|---|---|---|
| 001 | ebr2004218 | ||
| 003 | CaPaEBR | ||
| 006 | m u | ||
| 007 | cr cn||||||||| | ||
| 008 | 920826s1992 nyua sb 001 0 eng | ||
| 010 | _z 92030473 | ||
| 020 | _z0133271986 | ||
| 040 |
_aCaPaEBR _cCaPaEBR |
||
| 035 | _a(OCoLC)70745144 | ||
| 050 | 1 | 4 |
_aRA1057 _b.G37 1992eb |
| 082 | 0 | 4 |
_a614/.1 _220 |
| 245 | 0 | 0 |
_aGas chromatography in forensic science _h[electronic resource] / _ceditor, Ian Tebbett. |
| 260 |
_aNew York : _bE. Horwood, _cc1992. |
||
| 300 |
_avii, 188 p. : _bill. |
||
| 490 | 1 | _aEllis Horwood series in forensic science | |
| 504 | _aIncludes bibliographical references and index. | ||
| 533 |
_aElectronic reproduction. _bPalo Alto, Calif. : _cebrary, _d2013. _nAvailable via World Wide Web. _nAccess may be limited to ebrary affiliated libraries. |
||
| 650 | 0 | _aChromatographic analysis. | |
| 650 | 0 | _aChemistry, Forensic. | |
| 655 | 7 |
_aElectronic books. _2local |
|
| 700 | 1 |
_aTebbett, I. _q(Ian), _d1957- |
|
| 710 | 2 | _aebrary, Inc. | |
| 830 | 0 | _aEllis Horwood series in forensic science. | |
| 856 | 4 | 0 |
_uhttp://site.ebrary.com/lib/rucke/Doc?id=2004218 _zAn electronic book accessible through the World Wide Web; click to view |
| 999 |
_c225959 _d225959 |
||